Súčasné trendy v Shopper marketingu a ich vplyv na nákupné správanie Generácie Z

Zistenie preferencií a záujmov generácie Z týkajúcich sa ich nákupného správania a rozhodovania.

Gespeichert in:
Bibliographische Detailangaben
1. Verfasser: Stanková, Monika, 1993-
Format: Buchkapitel
Sprache:Slowakisch
Schlagworte:
Tags: Tag hinzufügen
Keine Tags, Fügen Sie das erste Tag hinzu!

MARC

LEADER 00000naa$a2200000$$$4500
001 0249717
005 20240502074009.3
041 0 |a slo 
044 |a SK 
245 1 0 |a Súčasné trendy v Shopper marketingu a ich vplyv na nákupné správanie Generácie Z  |c Monika Stanková 
520 |a Zistenie preferencií a záujmov generácie Z týkajúcich sa ich nákupného správania a rozhodovania. 
610 2 0 |a spotrebitelia 
610 2 0 |a Generácia Z 
610 2 0 |a správanie spotrebiteľa 
610 2 0 |a marketing nákupný 
610 2 0 |a generácie 
610 2 0 |a skupiny cieľové 
610 2 0 |a rozhodovanie nákupné 
610 2 0 |a Slovensko 
100 1 |a Stanková, Monika, 1993-